000 00388nam a2200169Ia 4500
100 _aShigley/Joseph E
650 _aMechanical Engineering
250 _a8
942 _cBK
366 _f25
654 _amechanical engineering
245 _aShigleys Mechanical Engineering
260 _bMcGraw Hill
_c2008
082 _a620.1
_bSHI
300 _a1055
546 _aENGLISH
_cInfo.Tech
999 _c19663
_d19663